Noem de Afrikaanse landen die beginnen met een klinker - Statistieken

Algemene statistieken
  • Deze quiz is 22 keer genomen
  • De gemiddelde score is 6 van 8
Antwoordstatistieken
Antwoord % Correct
Algerije
100%
Egypte
100%
Angola
94%
Eritrea
88%
Oeganda
88%
Ethiopië
69%
Equatoriaal-Guinea
50%
Ivoorkust
50%
Geen overeenkomende quizzen gevonden
Scoreverdeling
Procent van Mensen met Elke Score
Percentiel versus Aantal Correcte Antwoorden
Uw Scoregeschiedenis
U heeft deze quiz nog niet genomen